Desarrollo local: aportes para la discusión
Kaydedildi:
| Asıl Yazarlar: | , , |
|---|---|
| Materyal Türü: | Kitap |
| Dil: | İspanyolca |
| Baskı/Yayın Bilgisi: |
Santiago
CIDE
1992
|
| Seri Bilgileri: | Investigación para la acción o estrategias de capacitación
|
| Konular: | |
| Etiketler: |
Etiketle
Etiket eklenmemiş, İlk siz ekleyin!
|
MARC
| LEADER | 00000nam a2200000 a 4500 | ||
|---|---|---|---|
| 001 | UCW7157 | ||
| 003 | CL-VaPUC | ||
| 008 | 920910e19920000CL |||||||||||||||||spa|d | ||
| 082 | 0 | 4 | |a 370.194 |b MAU |2 21 |
| 100 | |a Maureira T., Fernando |e autor |9 579554 | ||
| 700 | 0 | |a Santibañez R., Erika |e author |9 477304 | |
| 700 | 0 | |a Undurraga I., Consuelo |e author |9 477305 | |
| 245 | 1 | 0 | |a Desarrollo local: aportes para la discusión |
| 300 | |a 48 p | ||
| 942 | |c BK | ||
| 945 | |d 19920910 00:00:00 | ||
| 260 | |a Santiago |b CIDE |c 1992 | ||
| 650 | 0 | |a Educación popular |9 308964 | |
| 650 | 0 | |a Sociología de la educación |9 260380 | |
| 651 | 7 | |a CHILE |2 CL-VaPUC |9 477306 | |
| 583 | |a last modification |c 19920910 00:00:00 |k Rodrigo Vera | ||
| 490 | 0 | |a Investigación para la acción o estrategias de capacitación | |
| 999 | |c 304444 |d 304442 | ||
| 952 | |0 0 |1 0 |4 0 |6 370_194000000000000_MAU_1992 |7 0 |8 A |9 366739 |a BIBEDU |b BIBEDU |d 2019-11-21 |i 2798700 |o 370.194 MAU 1992 |p 2798700 |r 2019-11-21 |w 2019-11-21 |y BK |k EDU | ||